Partial differential equations and systems not solvable with respect to the highest-order derivative / (Record no. 28897)

000 -LEADER
fixed length control field 00743 a2200193 4500
020 ## - INTERNATIONAL STANDARD BOOK NUMBER
International Standard Book Number 0824740394
020 ## - INTERNATIONAL STANDARD BOOK NUMBER
International Standard Book Number 9780824740399
082 04 - DEWEY DECIMAL CLASSIFICATION NUMBER
Classification number 515.353
090 ## - LOCALLY ASSIGNED LC-TYPE CALL NUMBER (OCLC); LOCAL CALL NUMBER (RLIN)
-- 262
-- 262
100 1# - MAIN ENTRY--PERSONAL NAME
Personal name Demidenko, Gennadii V.
245 10 - TITLE STATEMENT
Title Partial differential equations and systems not solvable with respect to the highest-order derivative /
Statement of responsibility, etc. Gennadii V. Demidenko, Stanislav V. Upsenskii.
260 ## - PUBLICATION, DISTRIBUTION, ETC.
Place of publication, distribution, etc. [S.l.] :
Name of publisher, distributor, etc. CRC Press,
Date of publication, distribution, etc. 2003.
300 ## - PHYSICAL DESCRIPTION
Extent 632 p. ;
Dimensions 25 cm.
490 1# - SERIES STATEMENT
Series statement Pure and applied mathematics.
700 1# - ADDED ENTRY--PERSONAL NAME
Personal name Upsenskii, Stanislav V.
830 #0 - SERIES ADDED ENTRY--UNIFORM TITLE
Uniform title Pure and applied mathematics.
942 ## - ADDED ENTRY ELEMENTS (KOHA)
Institution code [OBSOLETE] SNS
Koha item type Book
Call number prefix 515.3 DEM
Holdings
Withdrawn status Lost status Damaged status Not for loan Permanent Location Current Location Date acquired Total Checkouts Full call number Barcode Date last seen Price effective from Koha item type
        School of Natural Sciences (SNS) School of Natural Sciences (SNS) 05/26/2016   515.3 DEM SNS0000172 05/26/2016 05/26/2016 Book
© 2023 Central Library, National University of Sciences and Technology. All Rights Reserved.